Milagros de Nuestra Señora

Salvato in:
Dettagli Bibliografici
Autore principale: Berceo, Gonzalo de
Natura: Libro
Lingua:Undetermined
Pubblicazione: Madrid, España Espasa-Calpe 1978
Edizione:9 edición
Soggetti:
Tags: Aggiungi Tag
Nessun Tag, puoi essere il primo ad aggiungerne!!

MARC

LEADER 00000nam a2200000Ia 4500
008 170316s9999 xx 000 0 und d
040 |a cru BVZT 
090 |a 862 B-11m 
100 |a Berceo, Gonzalo de 
245 |a Milagros de Nuestra Señora 
250 |a 9 edición 
260 |a Madrid, España 
260 |b Espasa-Calpe 
260 |c 1978 
300 |a 211 páginas 
650 |a LITERATURA ESPAÑOLA 
999 |c 9511  |d 9511 
942 |c 15 D  |h 862 B-11m  |2 z